000 01609nam a22002777a 4500
001 6571
003 FISKH
005 20250512121016.0
008 250512b cb ||||| |||| 00| 0 eng d
020 _a9780192756992
040 _aFISKH
_beng
_cFISKH
_dFISKH
050 _aPE1625
082 _a423
100 _aAllen, Robert
245 _aOxford English Dictionary for Schools /
_cChief Editor : Robert Allen , Editor : Susan Rennie and Literacy Consultant : John Mannion
250 _aFirst published 2006
260 _aOxford University Press :
_bOxford ,
_c2012.
300 _a917 pages :
_bcolor illustrations ;
_c19 cm .
490 _aOxford: Dictionaries & Reference for Schools
520 _aEasy to use - find the words you want, fast! Written and designed to ensure it is both age appropriate and beautifully easy to use.* See words in action - real examples from the best children's books show you how it's done. Example sentences from authors including David Almond, Philip Pullman, William Golding, Anthony Horrowitz, Beverley Naidoo and many more from KS3/ 4 Framework reading lists as well as other age-appropriatefiction.* All the words you need - includes all curriculum words for secondary level. Specifically aimed at KS3 and KS4 across the curriculum, closely linked to the KS3 Literacy Framework, plus language panels for project work, cross-curriculum vocabulary, and synonyms for overused words.
650 _alanguage learning
_vReference
700 _aRennie, Susan
_eEditor
700 _dMannion, John
_eLiteracy Consultant
942 _2ddc
_cBK
_n0
999 _c6571
_d6571